Statistics for Countries that Export the Least

Click here to take the quiz!

General Stats

  • This quiz has been taken 35 times
  • The average score is 26 of 30

Answer Stats

HintAnswer% Correct
93,192Saint Kitts and Nevis
100%
136,130Kiribati
97%
175,280Vanuatu
97%
130,873Federated States of Micronesia
94%
39,271Grenada
94%
22,228Nauru
94%
79,444Saint Lucia
94%
33,937Samoa
94%
30,476Tuvalu
94%
254,560Barbados
90%
352,696Bhutan
90%
112,332Dominica
90%
330,334North Korea
90%
29,927Palau
90%
14,172Tonga
90%
114,654Comoros
87%
162,060Saint Vincent and the Grenadines
87%
16,628Sao Tome and Principe
87%
192,562Antigua and Barbuda
84%
221,339Burundi
84%
123,737Cape Verde
81%
73,372East Timor
81%
296,649Maldives
81%
158,960San Marino
81%
106,001Andorra
77%
115,367The Gambia
77%
157,441Guinea-Bissau
74%
157,089Djibouti
71%
121,215Central African Republic
68%
477,244Montenegro
45%

Score Distribution

Percentile by Number Answered

Percent of People with Each Score

Your Score History

You have not taken this quiz